Intervención urbano - arquitectónica, sector del auto lote el chele hacia plaza las victorias, de la ciudad de Managua

El presente estudio consiste en una propuesta de intervención urbano arquitectónica, como una estrategia para el mejoramiento y como un modelo para la propuesta de las misma índole y generar de manera consistente para las futuras intervenciones urbanas en la zona de estudio.

Bibliographic Details
Main Authors: Ramos Moreno, Alicia Margarita, Rueda Jaime, Kevin José
Other Authors: Tutor: Traña Padilla, Karen Astrid
Format: Tesis Section = Libro
Language:Undetermined
Spanish
Published: Managua UNI 2023
Subjects:
LEADER 01217nam a2200289Ia 4500
008 240830s9999 xx 000 0 und d
040 |a BIBLIOTECA-RUSB/ Mon 711.4 T772 
041 |a spa 
082 |a Mon 711.4 T772 
100 1 |a Ramos Moreno, Alicia Margarita 
100 1 |b Rueda Jaime, Kevin José 
245 1 0 |a Intervención urbano - arquitectónica, sector del auto lote el chele hacia plaza las victorias, de la ciudad de Managua  
260 |a Managua   |b UNI  |c 2023 
300 |a 116 p. :il. 
500 |a Contiene: anexos y CD 
502 |a Tesis (Arquitecto) - UNI, 2023. 
520 3 |a El presente estudio consiste en una propuesta de intervención urbano arquitectónica, como una estrategia para el mejoramiento y como un modelo para la propuesta de las misma índole y generar de manera consistente para las futuras intervenciones urbanas en la zona de estudio. 
650 7 |a PLANIFICACION URBANA 
650 7 |b  DESARROLLO URBANO 
650 7 |c  URBANISMO 
650 7 |d  PLANIFICACION DEL ESPACIO URBANO 
650 7 |e  DISEÑO ARQUITECTONICO 
650 7 |f  ARQUITECTURA-DISEÑOS Y PLANOS 
700 1 |a Tutor:  |b Traña Padilla, Karen Astrid  
942 |c BK  |2 ddc 
991 |a TESIS 
999 |c 27757